Tour de France 2025 - Bester Fahrer pro Team - Statistiken

Allgemein
  • Dieses Quiz wurde 33 mal gespielt
  • Das Durchschnittsergebnis liegt bei 11 aus 23
Antwortstatistiken
Team Fahrer Platz % Korrekt
Team Visma | Lease a bike Jonas Vingegaard 2
100%
Red Bull - Bora-Hansgrohe Florian Lipowitz 3
97%
UAE Team Emirates XRG Tadej Pogacar 1
97%
Team Picnic PostNL Oscar Onley 4
84%
EF Education-EasyPost Ben Healy 9
81%
Decathlon AG2R La Mondiale Team Felix Gall 5
81%
INEOS Grenadiers Thymen Arensman 12
77%
Team Jayco AlUla Ben O'Connor 11
68%
Uno-X Mobility Tobias Johannessen 6
68%
Arkéa-B&B Hotels Kevin Vauquelin 7
65%
TotalEnergies Jordan Jegat 10
48%
Cofidis Emanuel Buchmann 30
39%
Movistar Team Gregor Mühlberger 18
32%
Groupama-FDJ Guillaume Martin 16
29%
Alpecin-Deceuninck Xandro Meurisse 22
29%
XDS Astana Team Sergio Higuita 14
26%
Tudor Pro Cycling Team Michael Storer 42
23%
Soudal Quick-Step Ilan Van Wilder 32
19%
Bahrain Victorious Santiago Buitrago 40
19%
Lidl-Trek Quinn Simmons 59
16%
Lotto Jenno Berckmoes 66
13%
Israel - Premier Tech Joseph Blackmore 48
13%
Intermarché-Wanty Louis Barré 82
10%
Keine übereinstimmenden Quizze gefunden
Verteilung der Resultate
Anzahl Personen mit jedem Resultat
Perzentil nach korrekt beantworteten Fragen
Ihre Resultats-Entwicklung
Sie haben dieses Quiz noch nicht gespielt